000 00774nam a2200229Ia 4500
001 19384
003 GE_BSU
008 181216s||||||||xx |||||||||||||| ||und||
040 _cGE_BSU
245 _aТеоретическая и математическая физика (Том 189) №1. 2016
245 _cГл.ред.А.А.Славнов и др.
250 _aРоссийская академия наук
260 _aМосква
260 _bНаука
260 _c2016
300 _a146 стр. 24см.
300 _cБиблиогр. стр. 145-146
653 _aПериодика
653 _aТеоретическая и математическая физика.(Том 189) №1. 2016
653 _aპერიოდიკა
942 _cCR
999 _c52364
_d52364